[Event "Vaujany op-A 8th"]
[Site "Vaujany"]
[Date "2017.07.20"]
[Round "8.25"]
[White "Geher, Laszlo"]
[Black "Guillaumat, Jean Pierre"]
[Result "1-0"]
[WhiteElo "1900"]
[BlackElo "1727"]
[PlyCount "59"]
[EventDate "2017.07.13"]
[EventType "swiss"]
[EventRounds "9"]
[EventCountry "FRA"]
[SourceTitle "EXT 2020"]
[Source "ChessBase"]
[SourceDate "2019.10.17"]
[SourceVersion "1"]
[SourceVersionDate "2019.10.17"]
[SourceQuality "1"]

1. e4 c5 2. Nf3 e6 3. d4 cxd4 4. Nxd4 Nf6 5. Nc3 Bb4 6. Bd3 d6 7. 0-0 0-0 8. Nce2 Nbd7 9. Bg5 h6 10. Bh4 Bc5 11. c3 a6 12. Bc2 Qc7 13. a4 Ba7 14. Qd2 d5 15. Bg3 Ne5 16. exd5 exd5 17. Qf4 Bb8 18. Nf5 Bxf5 19. Qxf5 Qd7 20. Nd4 Qxf5 21. Nxf5 Nc4 22. Bh4 Ne4 23. Ne7+ Kh8 24. Nxd5 Ng5 25. b3 Nd6 26. Nb6 Ra7 27. Nd7 Rd8 28. Nxb8 Rxb8 29. Bg3 Rd8 30. Rad1 1-0

[Event "Vaujany op-B 6th"]
[Site "Vaujany"]
[Date "2015.07.14"]
[Round "6"]
[White "Guillaumat, Jean Pierre"]
[Black "Skomorokhina, Ekaterina"]
[Result "1/2-1/2"]
[WhiteElo "1828"]
[BlackElo "1730"]
[PlyCount "55"]
[EventDate "2015.07.08"]
[EventType "swiss"]
[EventRounds "9"]
[EventCountry "FRA"]
[SourceTitle "EXT 2017"]
[Source "ChessBase"]
[SourceDate "2016.10.25"]
[SourceVersion "1"]
[SourceVersionDate "2016.10.25"]
[SourceQuality "1"]

1. d4 Nf6 2. Nf3 e6 3. c4 Bb4+ 4. Bd2 Qe7 5. a3 Bxd2+ 6. Nbxd2 a5 7. g3 d6 8. Bg2 Nc6 9. 0-0 0-0 10. e4 e5 11. d5 Nd8 12. Rc1 a4 13. Qc2 b6 14. Nh4 g6 15. f4 exf4 16. Rxf4 Nh5 17. Rf2 Nb7 18. Ndf3 Nf6 19. Nd4 Bd7 20. Re1 Ng4 21. Rfe2 Ne5 22. Qc3 Nc5 23. Re3 Ng4 24. R3e2 Ne5 25. Re3 Ng4 26. R3e2 Ne5 27. Re3 Ng4 28. R3e2 1/2-1/2

[Event "Vaujany op-B 6th"]
[Site "Vaujany"]
[Date "2015.??.??"]
[Round "3"]
[White "Saiah, Anouk"]
[Black "Guillaumat, Jean Pierre"]
[Result "0-1"]
[WhiteElo "1680"]
[BlackElo "1826"]
[PlyCount "126"]
[EventDate "2015.07.08"]
[EventType "swiss"]
[EventRounds "9"]
[EventCountry "FRA"]
[SourceTitle "EXT 2017"]
[Source "ChessBase"]
[SourceDate "2016.10.25"]
[SourceVersion "1"]
[SourceVersionDate "2016.10.25"]
[SourceQuality "1"]

1. e4 c5 2. Nf3 e6 3. d4 cxd4 4. Nxd4 Nf6 5. Nc3 a6 6. Be2 Qc7 7. 0-0 Be7 8. Be3 0-0 9. f4 d6 10. Kh1 Nbd7 11. Qe1 b5 12. a3 Bb7 13. Bf3 Nc5 14. Bg1 Rac8 15. Rd1 Rfd8 16. f5 e5 17. Nb3 Ba8 18. Nc1 Qb7 19. N1a2 a5 20. Nd5 Nxd5 21. Rxd5 Qa6 22. Rd2 b4 23. axb4 Nxe4 24. Re2 Nf6 25. Bxa8 Rxa8 26. bxa5 Qxa5 27. Qxa5 Rxa5 28. Nb4 Rc8 29. c3 Kf8 30. Rd1 g6 31. fxg6 hxg6 32. Bb6 Rb5 33. Bf2 Nh5 34. Red2 f5 35. Nd5 Kf7 36. Nb6 Rc6 37. Nd5 Bg5 38. Rc2 Ke6 39. c4 Rb3 40. Ra1 Nf4 41. Be3 Rxc4 42. Rxc4 Kxd5 43. Bxf4 Bxf4 44. Rc2 e4 45. g3 Be5 46. Rd1+ Ke6 47. Rdd2 g5 48. Kg2 f4 49. gxf4 gxf4 50. Rf2 Kf5 51. Kf1 f3 52. Ke1 Kf4 53. Rc6 Bd4 54. Rfc2 Bc5 55. R6xc5 dxc5 56. Rxc5 Rxb2 57. h4 e3 58. Rc1 Rh2 59. Rc4+ Kg3 60. Kd1 Rh1+ 61. Kc2 e2 62. Rc8 e1Q 63. Rg8+ Kxh4 0-1

[Event "Vaujany op 5th"]
[Site "Vaujany"]
[Date "2014.07.16"]
[Round "7.2"]
[White "Guillaumat, Jean Pierre"]
[Black "Claustre, Jordan"]
[Result "1/2-1/2"]
[WhiteElo "1826"]
[BlackElo "1916"]
[PlyCount "74"]
[EventDate "2014.07.10"]
[EventType "swiss"]
[EventRounds "9"]
[EventCountry "FRA"]
[SourceTitle "EXT 2017"]
[Source "ChessBase"]
[SourceDate "2016.10.25"]
[SourceVersion "1"]
[SourceVersionDate "2016.10.25"]
[SourceQuality "1"]

1. d4 d5 2. Nf3 Nf6 3. g3 c6 4. Bg2 e6 5. Nbd2 Nbd7 6. 0-0 Bd6 7. c4 0-0 8. Qc2 Re8 9. e4 dxe4 10. Nxe4 Nxe4 11. Qxe4 Nf6 12. Qc2 c5 13. Rd1 Qc7 14. Bd2 Bd7 15. dxc5 Bxc5 16. b4 Be7 17. Bf4 Qb6 18. Ne5 Red8 19. c5 Qxb4 20. Nxd7 Rxd7 21. Rxd7 Nxd7 22. c6 bxc6 23. Qxc6 Nb6 24. Qb7 Bc5 25. Rc1 Re8 26. Qxa7 e5 27. Bxe5 Bxf2+ 28. Kh1 Bc5 29. Bc3 Qb5 30. Rf1 Qc4 31. Qb7 Rf8 32. Ba5 Na4 33. Qb3 Qxb3 34. axb3 Nb6 35. Rc1 Be3 36. Rc6 Rb8 37. Be4 g6 1/2-1/2

[Event "Vaujany op 5th"]
[Site "Vaujany"]
[Date "2014.07.13"]
[Round "4.6"]
[White "Stamboulian, Brice"]
[Black "Guillaumat, Jean Pierre"]
[Result "1/2-1/2"]
[WhiteElo "1688"]
[BlackElo "1826"]
[PlyCount "145"]
[EventDate "2014.07.10"]
[EventType "swiss"]
[EventRounds "9"]
[EventCountry "FRA"]
[SourceTitle "EXT 2017"]
[Source "ChessBase"]
[SourceDate "2016.10.25"]
[SourceVersion "1"]
[SourceVersionDate "2016.10.25"]
[SourceQuality "1"]

1. e4 c5 2. c3 e6 3. d4 d5 4. exd5 exd5 5. Nf3 Nf6 6. Bb5+ Bd7 7. Bxd7+ Nbxd7 8. 0-0 Be7 9. dxc5 Nxc5 10. Nbd2 0-0 11. Nb3 Qc7 12. Nbd4 Rfe8 13. Qc2 Nce4 14. h3 Rad8 15. Be3 b6 16. Qa4 Nc5 17. Qc6 Qb8 18. Qb5 a6 19. Qe2 Rc8 20. Rad1 Bf8 21. Qc2 Nce4 22. Rfe1 b5 23. Nb3 b4 24. Bd4 bxc3 25. bxc3 Bb4 26. Rd3 Qc7 27. Rc1 Ba3 28. Rcd1 Re6 29. Nbd2 Bb4 30. Rc1 Nxd2 31. Rxd2 Ba3 32. Rb1 Ne4 33. Rd3 Bc5 34. Bxc5 Qxc5 35. Rc1 h6 36. Nd4 Rf6 37. Rf3 Rxf3 38. Nxf3 Nxc3 39. Kh1 Ne4 40. Qxc5 Rxc5 41. Rxc5 Nxc5 42. Kg1 Kf8 43. Kf1 Ke7 44. Ke2 Kd6 45. Ke3 Ne4 46. Nd4 g6 47. f3 Nc3 48. a3 Nb5 49. Nc2 Kc5 50. Kd3 a5 51. g4 Nd6 52. h4 Nc4 53. Kc3 Ne5 54. Nd4 a4 55. g5 hxg5 56. hxg5 Nc4 57. Nc2 Nd6 58. Kd3 Nb5 59. f4 Nd6 60. Ne3 Nb5 61. Nc2 Kd6 62. Ke3 Ke6 63. Kf3 Kd6 64. Ke3 Kc5 65. Kd3 d4 66. Ke4 Kc4 67. Ke5 d3 68. Ne3+ Kc3 69. Kf6 Kd4 70. Nd1 Nd6 71. Ke7 Kc5 72. Nc3 Kd4 73. Nd1 1/2-1/2

[Event "Vaujany op 5th"]
[Site "Vaujany"]
[Date "2014.07.12"]
[Round "3.9"]
[White "Guillaumat, Jean Pierre"]
[Black "Diaferia, Joseph"]
[Result "1-0"]
[WhiteElo "1826"]
[BlackElo "1621"]
[PlyCount "89"]
[EventDate "2014.07.10"]
[EventType "swiss"]
[EventRounds "9"]
[EventCountry "FRA"]
[SourceTitle "EXT 2017"]
[Source "ChessBase"]
[SourceDate "2016.10.25"]
[SourceVersion "1"]
[SourceVersionDate "2016.10.25"]
[SourceQuality "1"]

1. d4 d5 2. Nf3 Nf6 3. b4 e6 4. a3 Be7 5. e3 Bd7 6. c4 0-0 7. Bb2 c6 8. Nbd2 a5 9. c5 Na6 10. Bxa6 Rxa6 11. 0-0 Ne8 12. Qc2 Nc7 13. bxa5 Rxa5 14. Nb3 Ra8 15. Ne5 f6 16. Nd3 Be8 17. Nf4 Qd7 18. Bc3 Nb5 19. Bb4 e5 20. Ne2 Bg6 21. Qd2 Qf5 22. Rfd1 Bh5 23. Ng3 Qg6 24. Nxh5 Qxh5 25. a4 Nc7 26. Rdb1 Qf5 27. Rb2 Qd7 28. Na5 Ne6 29. Bc3 Rfb8 30. Rab1 Ra7 31. h3 exd4 32. exd4 Bd8 33. Re1 Ng5 34. f3 Rba8 35. h4 Nf7 36. Nxb7 Rxb7 37. Rxb7 Bc7 38. Qe3 Kf8 39. Kh1 Nh6 40. Qe6 Qxe6 41. Rxe6 Bg3 42. Be1 Bxe1 43. Rxe1 Rxa4 44. Rd7 Rxd4 45. Ra1 1-0

[Event "FRA-ch Seniors"]
[Site "Nancy"]
[Date "2013.08.14"]
[Round "3"]
[White "Andrieu, Philippe"]
[Black "Guillaumat, Jean Pierre"]
[Result "1-0"]
[WhiteElo "1925"]
[BlackElo "1863"]
[PlyCount "143"]
[EventDate "2013.08.11"]
[EventType "swiss"]
[EventRounds "11"]
[EventCountry "FRA"]
[SourceTitle "CBM 156 Extra"]
[Source "ChessBase"]
[SourceDate "2013.10.22"]
[SourceVersion "1"]
[SourceVersionDate "2013.10.22"]
[SourceQuality "1"]

1. c4 c5 2. Nf3 Nf6 3. Nc3 Nc6 4. g3 g6 5. Bg2 Bg7 6. 0-0 0-0 7. a3 d6 8. Re1 Bg4 9. d3 Qd7 10. Ng5 h6 11. Nge4 Nxe4 12. Bxe4 Nd4 13. Nd5 e6 14. Ne3 Bh3 15. Bg2 Bxg2 16. Nxg2 b5 17. e3 Nf5 18. g4 Ne7 19. Rb1 b4 20. a4 Nc6 21. b3 Rac8 22. Bb2 e5 23. e4 f5 24. gxf5 gxf5 25. Qh5 Qf7 26. Qxf7+ Rxf7 27. exf5 Rxf5 28. Ne3 Rf3 29. Re2 Rcf8 30. Nc2 Rxd3 31. Re3 Rd2 32. Ne1 Rdxf2 33. Nd3 R2f3 34. Rbe1 h5 35. Kg2 Rxe3 36. Rxe3 Kh7 37. Nf2 Bh6 38. Rh3 Rf5 39. Ne4 Bf8 40. Ng3 Rf7 41. Rxh5+ Kg6 42. Bc1 Nd4 43. Rg5+ Kf6 44. Ne4+ Ke7 45. Rg3 Kd7 46. Bg5 Be7 47. h4 Bxg5 48. hxg5 Rg7 49. Rd3 Rg6 50. Kh3 Ke6 51. Kg4 Kf7 52. Rh3 Kg7 53. Ng3 Ne6 54. Nf5+ Kg8 55. Ne7+ Kg7 56. Nxg6 Kxg6 57. Rh6+ Kf7 58. Rf6+ Ke7 59. Kh5 e4 60. Kh6 e3 61. Rf1 e2 62. Re1 Nf4 63. Kh7 Kf7 64. Rxe2 Nxe2 65. g6+ Kf6 66. g7 Nf4 67. g8Q Ne6 68. Kh6 Nd4 69. Qg5+ Ke6 70. Kg6 Kd7 71. Qg2 Ke7 72. Qh3 1-0

[Event "EU-ch Seniors 11th"]
[Site "Courmayeur"]
[Date "2011.04.11"]
[Round "6"]
[White "Bardin, Christian"]
[Black "Guillaumat, Jean Pierre"]
[Result "0-1"]
[WhiteElo "1765"]
[BlackElo "1890"]
[PlyCount "88"]
[EventDate "2011.04.06"]
[EventType "swiss"]
[EventRounds "9"]
[EventCountry "ITA"]
[SourceTitle "CBM 141 Extra"]
[Source "ChessBase"]
[SourceDate "2011.05.03"]
[SourceVersion "1"]
[SourceVersionDate "2011.05.03"]
[SourceQuality "1"]

1. e4 c5 2. Nf3 e6 3. c3 d5 4. exd5 Qxd5 5. d4 Nf6 6. Bd3 Nc6 7. 0-0 c4 8. Bc2 Be7 9. Qe2 0-0 10. a4 Na5 11. Nbd2 b6 12. Ne4 Bb7 13. Nxf6+ Bxf6 14. Bf4 Rad8 15. Rfe1 h6 16. Qe4 Qxe4 17. Bxe4 Bxe4 18. Rxe4 Rd5 19. Be5 Bxe5 20. Rxe5 Rxe5 21. Nxe5 Rd8 22. Re1 f6 23. Nf3 Kf7 24. h4 Rd5 25. g3 Nb3 26. Re2 Ra5 27. Nd2 Nxd2 28. Rxd2 Rxa4 29. Kf1 Ra5 30. Ke2 Rd5 31. Kd1 e5 32. Kc2 b5 33. b4 exd4 34. cxd4 Ke7 35. Kc3 Rd7 36. Re2+ Kd6 37. f4 Re7 38. Ra2 Re3+ 39. Kd2 Rxg3 40. Rxa7 Rg4 41. Rb7 Kc6 42. Re7 Rxf4 43. Rxg7 Rxd4+ 44. Kc3 Rxh4 0-1

[Event "Arvier op"]
[Site "Arvier"]
[Date "2010.07.08"]
[Round "8"]
[White "Coqueraut, Lodewyk"]
[Black "Guillaumat, Jean Pierre"]
[Result "1/2-1/2"]
[WhiteElo "1833"]
[BlackElo "1949"]
[PlyCount "74"]
[EventDate "2010.07.03"]
[EventType "swiss"]
[EventRounds "9"]
[EventCountry "ITA"]
[SourceTitle "CBM 137 Extra"]
[Source "ChessBase"]
[SourceDate "2010.09.01"]
[SourceVersion "1"]
[SourceVersionDate "2010.09.01"]
[SourceQuality "1"]

1. e4 c5 2. Nf3 Nc6 3. b3 e5 4. Bb2 d6 5. Bc4 Be6 6. Bxe6 fxe6 7. d3 Be7 8. Na3 Nh6 9. h3 0-0 10. Nc4 b5 11. Ne3 Nd4 12. Bxd4 cxd4 13. Nf1 Rc8 14. a4 a6 15. Ng3 Qc7 16. Ra2 bxa4 17. bxa4 d5 18. 0-0 dxe4 19. Nxe4 Rf4 20. Qe2 Rcf8 21. Ng3 Rxf3 22. gxf3 Bg5 23. Kg2 Bf4 24. Rg1 Nf5 25. Nxf5 exf5 26. Qd1 Qf7 27. Rb2 Qh5 28. Rb7 Kh8 29. Qb1 h6 30. Qb3 e4 31. fxe4 fxe4 32. dxe4 Be5 33. Qd3 Qh4 34. Qe2 Qf4 35. Kf1 Qc1+ 36. Kg2 Qf4 37. Kf1 Qc1+ 1/2-1/2

[Event "Arvier op"]
[Site "Arvier"]
[Date "2010.07.08"]
[Round "7"]
[White "Guillaumat, Jean Pierre"]
[Black "Aral, Simone"]
[Result "1-0"]
[WhiteElo "1949"]
[BlackElo "1449"]
[PlyCount "126"]
[EventDate "2010.07.03"]
[EventType "swiss"]
[EventRounds "9"]
[EventCountry "ITA"]
[SourceTitle "CBM 137 Extra"]
[Source "ChessBase"]
[SourceDate "2010.09.01"]
[SourceVersion "1"]
[SourceVersionDate "2010.09.01"]
[SourceQuality "1"]

1. d4 d5 2. b4 Bf5 3. e3 e6 4. a3 Nf6 5. Bb2 a5 6. b5 c6 7. c4 cxb5 8. cxb5 Bd6 9. Nd2 Nbd7 10. Ngf3 0-0 11. Be2 Qb6 12. 0-0 Rfc8 13. Rc1 Qa7 14. Qb3 Qb6 15. h3 Qd8 16. a4 Nb6 17. Ne5 Bb4 18. Ndf3 h6 19. Rfd1 Rxc1 20. Rxc1 Rc8 21. Rxc8 Qxc8 22. Nd3 Qc4 23. Nc1 Qxb3 24. Nxb3 Nxa4 25. Ba1 Bc2 26. Nc5 Nxc5 27. dxc5 Bxc5 28. Nd4 Bxd4 29. Bxd4 Ne4 30. f3 Ng3 31. Kf2 Nxe2 32. Kxe2 Kf8 33. Kd2 Bb3 34. f4 g6 35. h4 Ke7 36. g4 f5 37. g5 h5 38. Kc3 Bc4 39. b6 Kd6 40. Kb2 Kc6 41. Ka3 Kb5 42. Kb2 Ka4 43. Bc3 Bd3 44. Bd4 Kb4 45. Bc3+ Kc4 46. Bd4 Be2 47. Kc2 a4 48. Kb2 Kd3 49. Ka3 Bd1 50. Kb4 Ke4 51. Kc5 Kf3 52. Kd6 Be2 53. Kxe6 Kg3 54. Kf6 Kxh4 55. Kxg6 Kg3 56. Kf7 h4 57. g6 h3 58. g7 h2 59. g8Q+ Kh3 60. Qh7+ Kg2 61. Qg6+ Bg4 62. Qe6 h1Q 63. Qxd5+ Kg3 1-0

[Event "Arvier op"]
[Site "Arvier"]
[Date "2010.07.05"]
[Round "4"]
[White "Belabbas, Abdellah"]
[Black "Guillaumat, Jean Pierre"]
[Result "1-0"]
[WhiteElo "1873"]
[BlackElo "1949"]
[PlyCount "99"]
[EventDate "2010.07.03"]
[EventType "swiss"]
[EventRounds "9"]
[EventCountry "ITA"]
[SourceTitle "CBM 137 Extra"]
[Source "ChessBase"]
[SourceDate "2010.09.01"]
[SourceVersion "1"]
[SourceVersionDate "2010.09.01"]
[SourceQuality "1"]

1. d4 Nf6 2. f3 d5 3. e4 dxe4 4. Nc3 e3 5. Bc4 c6 6. Bxe3 g6 7. Qd2 Bg7 8. Nge2 Qa5 9. Bh6 0-0 10. Bxg7 Kxg7 11. h4 Nbd7 12. 0-0-0 Nb6 13. Bb3 h5 14. Qe3 Bd7 15. Qxe7 Rae8 16. Qd6 Be6 17. Qc7 Bxb3 18. axb3 Qa6 19. Kd2 Nbd5 20. Qh2 Qb6 21. Qd6 Rd8 22. Nxd5 Nxd5 23. Qe5+ f6 24. Qg3 Rfe8 25. Rhe1 f5 26. Kc1 Kf7 27. c4 Ne7 28. Rd3 Qb4 29. Nf4 Qd6 30. Rde3 Qf6 31. Re6 Qg7 32. Qg5 Rd7 33. d5 cxd5 34. cxd5 Rc8+ 35. Kb1 Nxd5 36. Nxd5 Kf8 37. Rf6+ Rf7 38. Re7 Qxf6 39. Nxf6 Kxe7 40. Nxh5+ Kf8 41. Qxg6 Rc6 42. Qg5 Ke8 43. Ng7+ Kd7 44. Nxf5 Rff6 45. h5 Rce6 46. g4 Re1+ 47. Kc2 Rc6+ 48. Kd2 Rec1 49. Qe7+ Kc8 50. Nd6+ 1-0

[Event "Rouen op"]
[Site "Rouen"]
[Date "2009.12.19"]
[Round "1"]
[White "Guillaumat, Jean Pierre"]
[Black "Bergez, Luc"]
[Result "0-1"]
[WhiteElo "1952"]
[BlackElo "2382"]
[PlyCount "74"]
[EventDate "2009.12.19"]
[EventType "swiss"]
[EventRounds "7"]
[EventCountry "FRA"]
[SourceTitle "EXT 2011"]
[Source "ChessBase"]
[SourceDate "2010.11.26"]
[SourceVersion "1"]
[SourceVersionDate "2010.11.26"]
[SourceQuality "1"]

1. d4 Nf6 2. Nf3 g6 3. c4 Bg7 4. Nc3 0-0 5. e4 d6 6. Bd3 e5 7. d5 a5 8. h3 Na6 9. 0-0 Nh5 10. Bg5 Qe8 11. Qd2 f6 12. Bh6 Bxh6 13. Qxh6 Nf4 14. Bc2 Rf7 15. Rae1 Qe7 16. Ne2 Nb4 17. Bb1 Nfd3 18. a3 Nxe1 19. Rxe1 Na6 20. Ng3 a4 21. Nh4 Nc5 22. Re3 Qf8 23. Qxf8+ Kxf8 24. Ne2 Ra5 25. g4 b5 26. Ba2 Ba6 27. cxb5 Rxb5 28. Bc4 Rxb2 29. Bxa6 Nxa6 30. Ng2 Kg7 31. Ne1 Nc5 32. Kg2 Rf8 33. Kg3 Rfb8 34. Nc1 Rd2 35. Nf3 Rc2 36. Nd3 Nxd3 37. Rxd3 Rb6 0-1

[Event "Francophone op 1st"]
[Site "Arvier"]
[Date "2009.10.02"]
[Round "8"]
[White "Guillaumat, Jean Pierre"]
[Black "Jarraya, Zied"]
[Result "0-1"]
[WhiteElo "1953"]
[BlackElo "2192"]
[PlyCount "98"]
[EventDate "2009.09.27"]
[EventType "swiss"]
[EventRounds "9"]
[EventCountry "ITA"]
[SourceTitle "EXT 1999"]
[Source "ChessBase"]
[SourceDate "1998.11.16"]
[SourceVersion "1"]
[SourceVersionDate "1998.11.16"]
[SourceQuality "1"]

1. d4 Nf6 2. c4 g6 3. Nc3 Bg7 4. e4 d6 5. Be3 0-0 6. Be2 c5 7. Nf3 Ng4 8. Bf4 cxd4 9. Nxd4 Nxf2 10. Kxf2 e5 11. Be3 exd4 12. Bxd4 Bxd4+ 13. Qxd4 Nc6 14. Qd2 f5 15. Rhf1 Qb6+ 16. Ke1 Be6 17. Nd5 Bxd5 18. Qxd5+ Kh8 19. exf5 Qxb2 20. Rd1 Rae8 21. Rd2 Qb1+ 22. Rd1 Qxa2 23. Qd2 Qxc4 24. fxg6 Qh4+ 25. g3 Qxh2 26. g7+ Kxg7 27. Qg5+ Kh8 28. Rxf8+ Rxf8 29. Rxd6 Qg1+ 30. Kd2 Qa1 31. Rd7 Qb2+ 32. Kd1 Qb1+ 33. Kd2 Qb4+ 34. Kd1 Rf7 35. Qd5 Rxd7 36. Qxd7 Qd4+ 37. Qxd4+ Nxd4 38. Bg4 Kg7 39. Kd2 Kf6 40. Kd3 Ke5 41. Kc4 h6 42. Bd7 Nc6 43. Kc5 Nd4 44. g4 Ne6+ 45. Kb5 Kd6 46. Bc8 Nd4+ 47. Kc4 Nc6 48. Kb5 Kc7 49. Bf5 Nd4+ 0-1

[Event "Francophone op 1st"]
[Site "Arvier"]
[Date "2009.10.01"]
[Round "7"]
[White "Vandervorst, Pascal"]
[Black "Guillaumat, Jean Pierre"]
[Result "1-0"]
[WhiteElo "1818"]
[BlackElo "1953"]
[PlyCount "53"]
[EventDate "2009.09.27"]
[EventType "swiss"]
[EventRounds "9"]
[EventCountry "ITA"]
[SourceTitle "EXT 1999"]
[Source "ChessBase"]
[SourceDate "1998.11.16"]
[SourceVersion "1"]
[SourceVersionDate "1998.11.16"]
[SourceQuality "1"]

1. d4 d5 2. Bf4 Nf6 3. e3 e6 4. Nd2 c5 5. c3 Nc6 6. Bd3 Bd7 7. Ngf3 cxd4 8. exd4 Be7 9. Ne5 Rc8 10. Qe2 Qb6 11. Ndf3 h6 12. Nxd7 Nxd7 13. Ne5 Ncxe5 14. dxe5 d4 15. 0-0 g5 16. Bd2 a6 17. Kh1 Qc7 18. Rae1 b5 19. f4 dxc3 20. bxc3 b4 21. Bxa6 bxc3 22. Bxc3 Ra8 23. Bb5 0-0 24. Qe4 Kg7 25. fxg5 hxg5 26. Bd3 Rh8 27. Rxf7+ 1-0

[Event "Francophone op 1st"]
[Site "Arvier"]
[Date "2009.09.29"]
[Round "4"]
[White "Guillaumat, Jean Pierre"]
[Black "Labarthe, Arnaud"]
[Result "1/2-1/2"]
[WhiteElo "1953"]
[BlackElo "1871"]
[PlyCount "136"]
[EventDate "2009.09.27"]
[EventType "swiss"]
[EventRounds "9"]
[EventCountry "ITA"]
[SourceTitle "EXT 1999"]
[Source "ChessBase"]
[SourceDate "1998.11.16"]
[SourceVersion "1"]
[SourceVersionDate "1998.11.16"]
[SourceQuality "1"]

1. d4 Nf6 2. Nf3 c5 3. d5 d6 4. c4 Bf5 5. Nc3 Na6 6. a3 e5 7. dxe6 fxe6 8. g3 Be7 9. Bg2 Qd7 10. Nh4 Bg4 11. h3 Bh5 12. Qd3 Bf7 13. e4 Nh5 14. Nf3 Rb8 15. Bg5 0-0 16. Rd1 Nc7 17. Bxe7 Qxe7 18. Qxd6 Qxd6 19. Rxd6 b5 20. Rc6 b4 21. axb4 cxb4 22. Nd1 Rfc8 23. Ne5 Be8 24. Rc5 Na6 25. Rxc8 Rxc8 26. Ne3 Nc5 27. Ke2 Nf6 28. f3 Nh5 29. Kf2 Ba4 30. Re1 Rd8 31. Re2 Rf8 32. f4 Nf6 33. N3g4 Bd1 34. Re3 Rd8 35. Ke1 Bc2 36. Nxf6+ gxf6 37. Nc6 Rd1+ 38. Ke2 Rg1 39. Kf2 Rb1 40. Nxb4 Rxb2 41. Nxc2 Rxc2+ 42. Re2 Rxc4 43. e5 fxe5 44. fxe5 a5 45. Ra2 a4 46. Bf1 Rb4 47. Ke3 Re4+ 48. Kf3 Rxe5 49. Bb5 Ne4 50. Kf4 Rxb5 51. Kxe4 Ra5 52. Ra3 Kf7 53. g4 Kf6 54. h4 h6 55. Kf4 e5+ 56. Ke4 Ra7 57. g5+ hxg5 58. hxg5+ Ke6 59. g6 Kf6 60. Rf3+ Kxg6 61. Kxe5 a3 62. Rf1 a2 63. Ra1 Ra4 64. Kd5 Kf6 65. Kc5 Ke5 66. Kb5 Ra8 67. Kb4 Kd5 68. Kb3 Kd4 1/2-1/2

[Event "Francophone op 1st"]
[Site "Arvier"]
[Date "2009.09.28"]
[Round "2"]
[White "Guillaumat, Jean Pierre"]
[Black "De Leeuw, Johannes"]
[Result "0-1"]
[WhiteElo "1953"]
[BlackElo "1932"]
[PlyCount "114"]
[EventDate "2009.09.27"]
[EventType "swiss"]
[EventRounds "9"]
[EventCountry "ITA"]
[SourceTitle "EXT 1999"]
[Source "ChessBase"]
[SourceDate "1998.11.16"]
[SourceVersion "1"]
[SourceVersionDate "1998.11.16"]
[SourceQuality "1"]

1. d4 d5 2. Nf3 Nf6 3. c4 e6 4. Qc2 Nbd7 5. Bf4 Be7 6. Nc3 c6 7. cxd5 exd5 8. e3 Nf8 9. Bd3 Ng6 10. Bg3 Bd6 11. Ne5 Qe7 12. Nxg6 hxg6 13. 0-0-0 Be6 14. e4 dxe4 15. Nxe4 Bxg3 16. hxg3 0-0-0 17. Rxh8 Rxh8 18. Kb1 Kb8 19. f3 Nd5 20. Qc5 Rd8 21. Qxe7 Nxe7 22. Bc2 Nf5 23. Ng5 Nxd4 24. Nxe6 Nxe6 25. Rxd8+ Nxd8 26. Bb3 g5 27. Kc2 Kc7 28. Kd3 Kd6 29. Ke4 g6 30. a3 a5 31. Ba2 c5 32. Bc4 f6 33. Bg8 Nc6 34. Bc4 f5+ 35. Ke3 b6 36. Be2 Ne7 37. Bc4 Ke5 38. f4+ Kf6 39. Kd3 Nc6 40. Bd5 Nd4 41. a4 gxf4 42. gxf4 g5 43. Ke3 gxf4+ 44. Kxf4 Ne6+ 45. Ke3 Ke5 46. Bxe6 Kxe6 47. Kf4 c4 48. Ke3 Ke5 49. g3 Kd5 50. Kf4 b5 51. Kxf5 bxa4 52. g4 a3 53. bxa3 c3 54. g5 c2 55. g6 c1Q 56. g7 Qc8+ 57. Kf6 Qg8 0-1

[Event "Louviers op 12th"]
[Site "Louviers"]
[Date "2009.06.01"]
[Round "5"]
[White "Vincent, Didier"]
[Black "Guillaumat, Jean Pierre"]
[Result "1/2-1/2"]
[WhiteElo "2045"]
[BlackElo "1957"]
[PlyCount "42"]
[EventDate "2009.05.30"]
[EventType "swiss"]
[EventRounds "6"]
[EventCountry "FRA"]
[SourceTitle "EXT 2011"]
[Source "ChessBase"]
[SourceDate "2010.11.26"]
[SourceVersion "1"]
[SourceVersionDate "2010.11.26"]
[SourceQuality "1"]

1. e4 c5 2. Nc3 e6 3. Nf3 a6 4. g3 d6 5. Bg2 Be7 6. 0-0 Nc6 7. Re1 Qc7 8. d3 Nf6 9. h3 0-0 10. Be3 b5 11. a3 Bb7 12. Qe2 Rfe8 13. Rad1 b4 14. axb4 cxb4 15. Na4 Nd7 16. d4 Rac8 17. Nd2 Na5 18. Rc1 Nc4 19. Nxc4 Qxc4 20. Qxc4 Rxc4 21. b3 Rc7 1/2-1/2

[Event "Rochefort op 8th"]
[Site "Rochefort"]
[Date "2009.02.??"]
[Round "2"]
[White "Guillaumat, Jean Pierre"]
[Black "Sandu, Mihaela"]
[Result "0-1"]
[WhiteElo "1956"]
[BlackElo "2285"]
[PlyCount "68"]
[EventDate "2009.02.??"]
[EventType "swiss"]
[EventRounds "9"]
[EventCountry "FRA"]
[SourceTitle "EXT 2010"]
[Source "ChessBase"]
[SourceDate "2010.11.25"]
[SourceVersion "1"]
[SourceVersionDate "2010.11.25"]
[SourceQuality "1"]

1. d4 f5 2. Nf3 Nf6 3. g3 g6 4. Bg2 Bg7 5. c4 d6 6. Nc3 0-0 7. 0-0 Qe8 8. Qb3 Kh8 9. Re1 e5 10. e4 f4 11. dxe5 dxe5 12. gxf4 Nd5 13. Nxe5 Nxf4 14. Bxf4 Rxf4 15. Nd3 Rh4 16. Re3 Nc6 17. Nd5 Nd4 18. Qd1 Qf7 19. Rg3 Be6 20. Rc1 Rd8 21. Qe1 Bg4 22. Nc3 Qxc4 23. b3 Qf7 24. f4 Bh5 25. Kh1 Bh6 26. Qf2 Ne6 27. Nd5 c6 28. Rf1 cxd5 29. exd5 Nxf4 30. Nxf4 Rxf4 31. Qb2+ Bg7 32. Rxf4 Qxf4 33. Qc2 Re8 34. Qb1 Qf2 0-1

[Event "Fouesnant op 14th"]
[Site "Fouesnant"]
[Date "2008.10.27"]
[Round "4"]
[White "Bordelet, Louis"]
[Black "Guillaumat, Jean Pierre"]
[Result "1/2-1/2"]
[WhiteElo "1820"]
[BlackElo "1946"]
[PlyCount "49"]
[EventDate "2008.10.25"]
[EventType "swiss"]
[EventRounds "9"]
[EventCountry "FRA"]
[SourceTitle "EXT 2009"]
[Source "ChessBase"]
[SourceDate "2008.11.26"]
[SourceVersion "1"]
[SourceVersionDate "2008.11.26"]
[SourceQuality "1"]

1. e4 c5 2. Nf3 e6 3. d4 cxd4 4. Nxd4 a6 5. Be2 Nf6 6. Nc3 Qc7 7. 0-0 Be7 8. f4 d6 9. Kh1 b5 10. Bf3 Bb7 11. Qe2 0-0 12. e5 dxe5 13. fxe5 Nfd7 14. Bxb7 Qxb7 15. Bf4 Nc5 16. b4 Ncd7 17. Rab1 Nc6 18. Nxc6 Qxc6 19. Rf3 Qc4 20. Qxc4 bxc4 21. a4 Rfb8 22. b5 axb5 23. axb5 Nb6 24. h3 g5 25. Bg3 1/2-1/2

[Event "FRA-ch Veterans"]
[Site "Pau"]
[Date "2008.08.15"]
[Round "4"]
[White "Maury, Claude"]
[Black "Guillaumat, Jean Pierre"]
[Result "0-1"]
[WhiteElo "1892"]
[BlackElo "1969"]
[PlyCount "66"]
[EventDate "2008.08.11"]
[EventType "swiss"]
[EventRounds "9"]
[EventCountry "FRA"]
[SourceTitle "CBM 126 Extra"]
[Source "ChessBase"]
[SourceDate "2008.11.05"]
[SourceVersion "1"]
[SourceVersionDate "2008.11.05"]
[SourceQuality "1"]

1. d4 d5 2. Bf4 e6 3. e3 c5 4. c3 Nc6 5. Nf3 Nf6 6. Nbd2 Be7 7. Ne5 0-0 8. Ndf3 cxd4 9. exd4 Nxe5 10. Nxe5 Nd7 11. Bd3 Nxe5 12. Bxe5 Bf6 13. Qe2 Bxe5 14. Qxe5 Bd7 15. 0-0 Rc8 16. f4 Qf6 17. Qe2 g6 18. Rf3 a6 19. Raf1 b5 20. a3 Rc7 21. Re3 Rb8 22. g4 a5 23. g5 Qd8 24. Rh3 b4 25. Rxh7 Kxh7 26. Qh5+ Kg8 27. Bxg6 fxg6 28. Qxg6+ Kf8 29. Qh6+ Ke7 30. Qf6+ Kd6 31. Qe5+ Kc6 32. cxb4 axb4 33. axb4 Kb7 0-1